000 00805nas a2200253 4500
001 BR0201024
003 BR-BrBNA
005 20231205102759.0
007 ta
008 230509b bl.|||p| |||| 00| 00por d
040 _aBR-BrBNA
_bpor
_cBiblioteca Nacional de Agricultura
041 _a(Pt)
072 _aL73; L70
100 1 _aGalera, P.D.
100 1 _aMartins, E.A.N.
245 1 _aCeratectomia superficial em carcinoma de células escamosas ocular em bovino Simental: relato de caso
650 _aGADO SIMMENTAL
650 _aOLHO
650 _aCARCINOMA
650 _aCIRURGIA
773 0 _tArquivo Brasileiro de Medicina Veterinária e Zootecnia (Brazil)
_xISSN 0102-0935
_g(Out 2001), v. 53(5) p. 585-588
_wBR0201024
909 _a202311
_bLúcia
_c55
_dLúcia Elande
942 _2AGRIS
_n0
_cANA
999 _c169294
_d169294